| 000 | 00974nas a2200313 4500 | ||
|---|---|---|---|
| 001 | BR0204428 | ||
| 003 | BR-BrBNA | ||
| 005 | 20231205103227.0 | ||
| 007 | ta | ||
| 008 | 230509b bl.|||p| |||| 00| 00por d | ||
| 040 |
_aBR-BrBNA _bpor _cBiblioteca Nacional de Agricultura |
||
| 041 | _a(Pt) | ||
| 072 | _aK10; P31; U40 | ||
| 100 | 1 | _aMartins, I.C. de M. | |
| 100 | 1 | _aSoares, V.P. | |
| 100 | 1 | _aSilva, E. | |
| 100 | 1 | _aBrites, R.S. | |
| 245 | 1 | _aDiagnóstico ambiental no contexto da paisagem de fragmentos florestais naturais "ipucas" no município de Lagoa da Confusão, Tocantins | |
| 650 | _aFLORESTA | ||
| 650 | _aVEGETAÇÃO NATIVA | ||
| 650 | _aMAPA | ||
| 650 | _aVARIEDADE | ||
| 650 | _aSENSORIAMENTO REMOTO | ||
| 650 | _aRECONHECIMENTO DO SOLO | ||
| 650 | _aTOCANTINS | ||
| 773 | 0 |
_tRevista Árvore (Brazil) _xISSN 0100-6762 _g(May-Jun 2002), v. 26(3) p. 299-309 _wBR0204428 |
|
| 909 |
_a202311 _bLúcia _c55 _dLúcia Elande |
||
| 942 |
_2AGRIS _n0 _cANA |
||
| 999 |
_c171765 _d171765 |
||